Informe de la Comisión de Recursos Fitogenéticos (Registro nro. 1501)

Detalles MARC
000 -CABECERA
Campo de control 00893nam a2200253 a 4500
005 - FECHA Y HORA DE LA ULTIMA TRANSACCION
Campo de control 20200104041521.0
008 - ELEMENTOS DE LONGITUD FIJA—INFORMACION GENERAL
Campo de control 140228b1995 ck a gr|||| 00| 0 spa d
040 ## - FUENTE DE CATALOGACIÓN
Agencia catalogadora original CO-BoIAVH
Agencia transcriptora CO-BoIAVH
041 ## - IDIOMA
Código de idioma para texto/pista de sonido o título separado Español
044 ## - PAÍS DE PUBLICACIÓN
País de publicación Colombia
082 04 - NUMERO DE CLASIFICACION DECIMAL DEWEY
Número de clasificación 333.9534
Número del ítem O68c
110 2# - ASIENTO PRINCIPAL--NOMBRE CORPORATIVO
Unidad subordinad Organización de las Naciones Unidas para la Agricultura y la Alimentación
9 (RLIN) 61924
245 1# - MENCION DE TITULO
Título Informe de la Comisión de Recursos Fitogenéticos
Parte restante del título sexta reunión Roma 19-30 de junio de 1995
260 ## - PUBLICACION, DISTRIBUCION, ETC. (PIE DE IMPRENTA)
Lugar de publicación, distribución, etc. Roma
Nombre del editor, distribuidor, etc. FMAM
Fecha de publicación, distribución, etc. 1995
300 ## - DESCRIPCION FISICA
Extensión 45 paginas. :
Otros detalles físicos ilustraciones. ;
Dimensiones 29 x 21 cm.
650 #4 - ASIENTO SECUNDARIO DE MATERIA - TERMINO TEMATICO
Término temático o nombre geográfico como elemento de entrada Recursos fitogenéticos
9 (RLIN) 61925
650 #4 - ASIENTO SECUNDARIO DE MATERIA - TERMINO TEMATICO
Término temático o nombre geográfico como elemento de entrada Conservación de biodiversidad
9 (RLIN) 345
650 #4 - ASIENTO SECUNDARIO DE MATERIA - TERMINO TEMATICO
Término temático o nombre geográfico como elemento de entrada Conservación ex situ
9 (RLIN) 4301
650 #4 - ASIENTO SECUNDARIO DE MATERIA - TERMINO TEMATICO
Término temático o nombre geográfico como elemento de entrada Biotecnología
9 (RLIN) 61927
650 #4 - ASIENTO SECUNDARIO DE MATERIA - TERMINO TEMATICO
Término temático o nombre geográfico como elemento de entrada Conservación in situ
9 (RLIN) 3264
650 #4 - ASIENTO SECUNDARIO DE MATERIA - TERMINO TEMATICO
Término temático o nombre geográfico como elemento de entrada Manejo de recursos
9 (RLIN) 3533
650 #4 - ASIENTO SECUNDARIO DE MATERIA - TERMINO TEMATICO
Término temático o nombre geográfico como elemento de entrada Acceso a recursos genéticos
9 (RLIN) 61929
942 ## - ELEMENTOS ADICIONALES (KOHA)
Tipo de ítem Libro
Sistema de clasificación Dewey Decimal Classification
Existencias
Withdrawn status Lost status Sistema de Clasificación Damaged status No para préstamo Colección Inventariado Ubicación Permanente Ubicación actual Fecha de adquisición Fuente de Valor Valor Total Checkouts Número topográfico Inventario / Código de Barras Date last seen Ejemplar Price effective from Forma de adquisición Tipo de material
    Dewey Decimal Classification     General Inventariado 2017 Bogotá Bogotá 29/09/1999 Instituto 39000.00   LB-333.9534 O68c 002085 04/12/2012 Ej. 1 04/12/2012   Libro